Rural policy in Scotland and England (Record no. 113121)

MARC details
000 -LEADER
fixed length control field 00901cad a22002055a 4500
001 - CONTROL NUMBER
control field E154733
008 - FIXED-LENGTH DATA ELEMENTS--GENERAL INFORMATION
fixed length control field 120117s2011 xxk f 000 0 eng d
035 ## - SYSTEM CONTROL NUMBER
System control number (Sirsi) u154733
041 0# - LANGUAGE CODE
Language code of text/sound track or separate title eng
100 1# - MAIN ENTRY--PERSONAL NAME
Personal name Rowe, Frances
245 00 - TITLE STATEMENT
Title Rural policy in Scotland and England
Remainder of title a comparative perspective
Medium [electronic resource]
260 ## - PUBLICATION, DISTRIBUTION, ETC.
Place of publication, distribution, etc. [Scotland]
Name of publisher, distributor, etc. SAC
Date of publication, distribution, etc. 2011
520 ## - SUMMARY, ETC.
Summary, etc. Looks at OECD rural policy reviews in England and Scotland and how their findings relate to the OECD's New Rural Paradigm. Discusses what these reports mean for rural communities in England and Scotland, and assesses the possible direction of future policy in the two countries.
590 ## - LOCAL NOTE (RLIN)
Local note KA
651 #4 - SUBJECT ADDED ENTRY--GEOGRAPHIC NAME
Geographic name England
Chronological subdivision 886-
651 #4 - SUBJECT ADDED ENTRY--GEOGRAPHIC NAME
Geographic name Scotland
Chronological subdivision 1999-
690 ## - LOCAL SUBJECT ADDED ENTRY--TOPICAL TERM (OCLC, RLIN)
Topical term or geographic name as entry element Rural
9 (RLIN) 6268
856 40 - ELECTRONIC LOCATION AND ACCESS
Uniform Resource Identifier <a href="https://www.sac.ac.uk/mainrep/pdfs/ruralpolicyengandscot.pdf">https://www.sac.ac.uk/mainrep/pdfs/ruralpolicyengandscot.pdf</a>
Public note View the report free of charge at www.sac.ac.uk
942 ## - ADDED ENTRY ELEMENTS (KOHA)
Suppress in OPAC 0
Holdings
Withdrawn status Lost status Source of classification or shelving scheme Damaged status Not for loan Home library Current library Shelving location Date acquired Total Checkouts Full call number Barcode Date last seen Copy number Price effective from Koha item type
    Dewey Decimal Classification     Virtual Virtual Online 17/01/2012   ONLINE PUBLICATION 154733-2001 06/08/2019 1 06/08/2019 Book